Statistiken für Deutscher Fußball A-Z

Klicken Sie hier um das Quiz zu spielen!

Allgemein

  • Dieses Quiz wurde 4.856 mal gespielt
  • Das Durchschnittsergebnis liegt bei 18 aus 22

Antwortstatistiken

ClueAntwort% Korrekt
BFußballverein, der in der Allianz Arena spieltFC Bayern München
100%
A___ SchürrleAndré
98%
DDer BVB kommt aus dieser StadtDortmund
98%
F_____ DüsseldorfFortuna
96%
J___ KimmichJoshua
95%
O___ KahnOliver
95%
NTorwart, der für Schalke und Bayern spielteManuel Neuer
94%
GSchalke 04 kommt aus dieser StadtGelsenkirchen
93%
T'Goal' auf DeutschTor
92%
PSpieler der 46 Tore erzielt hat für Deutschland, Prinz Poldi ist sein SpitznameLucas Podolski
91%
LHeadcoach beim Weltcupsieg 2014Joachim Löw
89%
UPresident bei Bayern Munich: __ HoeneßUli
89%
V__ WolfsburgVfL
89%
KBester Torschütze aller Zeiten in 'Die Mannschaft'Miroslav Klose
82%
IFußballclub, der im Audi-Sportpark spieltFC Ingolstadt 04
76%
E'Adlerträger'Eintracht Frankfurt
75%
SGrößtes StadionSignal Iduna Park
73%
H'Die Rothosen'Hamburger SV
69%
CDeutscher Spieler bei Juventus, 2019Emre Can
62%
WDieser Verein hat die Bundesliga 4 Mal gewonnenWerder Bremen
57%
MDie meisten Spiele für "Die Mannschaft"Lothar Matthäus
54%
R1980 und 1981 gewann er den Ballon d'OrKarl-Heinz Rummenigge
40%

Verteilung der Resultate

Perzentil nach korrekt beantworteten Fragen

Anzahl Personen mit jedem Resultat

Ihre Resultats-Entwicklung

Sie haben dieses Quiz noch nicht gespielt